Fundamentals of contemporary business communication
| Main Author: | |
|---|---|
| Format: | Book |
| Published: |
Boston :
Houghton Mifflin Co. ,
2004
|
| Subjects: |
MARC
| LEADER | 00000cam a2200000 7i4500 | ||
|---|---|---|---|
| 001 | 0000086691 | ||
| 005 | 20041014.0 | ||
| 020 | |a 0618073728 | ||
| 090 | 0 | 0 | |a 651.74 |b OBE |
| 100 | 1 | |a Ober, Scot | |
| 245 | 1 | 0 | |a Fundamentals of contemporary business communication |c Scot Ober |
| 260 | |a Boston : |b Houghton Mifflin Co. , |c 2004 | ||
| 300 | |a 438p. : |b ill. ; |c 28cm. | ||
| 650 | 0 | 0 | |a Business communication |
| 650 | 0 | 0 | |a Business writing |
| 999 | |a 00174818 |b BUKU |c RUJUKAN |e PERPUSTAKAAN KOMUNITI PETALING JAYA | ||